A Trencséni Vár A Vár Története s Nevezetességei

Bibliographic Details
Main Author: Károlyi, János (Author, Author of introduction, etc.)
Corporate Author: Sándor, Ferenc (Trenčín, Slovensko) (Printer)
Format: Book
Language:Hungarian
PhysicalDescription:IV, 161 s. 24 cm
Published: Trencsén Kapható: Gansel L. könyvkereskedésében 1910
Subjects:

MARC

LEADER 00000nam a2200000na 4500
001 vtls011714696
003 SK-MaSNL
005 20260301141411.0
008 180105s1910 xo a 0 an0 hun
015 |a SNBA1910 
020 |q (viaz.) 
040 |a SNK  |b slo  |c SNK  |e AACR2 
041 0 |a hun 
044 |a xo  |c SK 
072 7 |a 72  |x Architektúra  |2 konspekt 
072 7 |a 9  |x Geografia. Biografické štúdie. Dejiny  |2 konspekt 
080 |a 728.81  |2 2011 
080 |a 908  |2 2011 
100 1 |a Károlyi, János  |4 aut  |4 aui  |9 495385 
245 1 0 |a A Trencséni Vár  |b A Vár Története s Nevezetességei  |c Irta: Károlyi János 
260 |a Trencsén  |b Kapható: Gansel L. könyvkereskedésében  |c 1910  |e Trencsén  |f Nyomatott Sándor Ferencznél 
300 |a IV, 161 s.  |c 24 cm 
500 |a Frontispice.Ozdobná linka. Ilustrácie a fotografie v texte 
504 |a Poznámky a vysvetlivky pod textom 
508 |a Predslov autora 
610 2 |a Trenčiansky hrad (Trenčín, Slovensko)  |2 SNKKA  |9 33647 
650 0 7 |a vlastiveda  |2 SNKPH  |9 3887 
650 0 7 |a dejiny  |2 SNKPH  |9 3825 
710 0 |a Gansel, Leopold (Trenčín, Slovensko)  |4 bsl  |9 495386 
710 0 |a Sándor, Ferenc (Trenčín, Slovensko),  |d 1903-1918  |4 prt  |9 487088 
752 |a Slovensko  |d Trenčín 
852 |a SNK  |p SC 1320 
852 |a SNK  |p SC 1320 D1 
852 |a SNK  |p SC 1320 D2 
999 |c 767039  |d 768969 
952 |a SNK  |b SNK  |y PREZ  |7 0  |p 17A0715984  |o snkSC 1320  |i snk 1706/32  |0 0  |1 0  |4 0  |d 2017-10-10  |l 0  |r 2025-06-11 00:00:00  |w 2026-02-24 
952 |a SNK  |b SNK  |y VYP  |7 0  |p 17A1298849  |o snkSC 1320 D1  |i snkKSF 4301/56  |0 0  |1 0  |4 0  |d 2017-10-10  |l 0  |r 2026-02-24 00:23:03  |w 2026-02-24 
952 |a SNK  |b SNK  |y VYP  |7 0  |p 17A1298848  |o snkSC 1320 D2  |i snkK 1202/1984  |8 3  |0 0  |1 0  |4 0  |d 2017-10-10  |l 0  |r 2026-02-24 00:23:03  |w 2026-02-24